| Tag |
First Indicator |
Second Indicator |
Subfields |
| LEADER |
00000cam a2200000 a 4500 |
| 001 |
in00000012572 |
| 005 |
20190207093338.0 |
| 008 |
870724s1987 waucf b 00010 eng |
| 010 |
|
|
|a 87021996
|
| 020 |
|
|
|a 093678301X
|
| 035 |
|
|
|a (OCoLC)16404604
|
| 035 |
|
|
|9 AAA5145AM
|
| 040 |
|
|
|a DLC
|c DLC
|d TXA
|d UtOrBLW
|
| 043 |
|
|
|a n-us-tx
|
| 049 |
|
|
|a TXAM [Also in] [Sp Coll]
|c 1 [A12606411]
|a TXAS
|c 2 [A09893198]
|
| 050 |
0 |
0 |
|a PS3551.R552
|b G7 1987
|
| 082 |
0 |
|
|a 813/.54
|2 19
|
| 100 |
1 |
|
|a Arnold, Ron.
|
| 245 |
1 |
4 |
|a The grand prairie years :
|b a biography of W.C. Perry /
|c Ron Arnold.
|
| 250 |
|
|
|a 2nd ed.
|
| 264 |
|
1 |
|a Bellevue [Wash.] :
|b Merril Press,
|c [1987]
|
| 264 |
|
4 |
|c ©1987
|
| 300 |
|
|
|a 722 pages, 8 unnumbered pages of plates :
|b portraits ;
|c 25 cm.
|
| 336 |
|
|
|a text
|b txt
|2 rdacontent
|
| 337 |
|
|
|a unmediated
|b n
|2 rdamedia
|
| 338 |
|
|
|a volume
|b nc
|2 rdacarrier
|
| 500 |
|
|
|a The Cushing Library/Chapman Texas Collection copy is part of the Floyd & Louise Chapman Texas & Borderlands Collection.
|5 TXA
|
| 504 |
|
|
|a Bibliography: pages 717-722.
|
| 600 |
1 |
0 |
|a Perry, Willie Clayborne,
|d 1910-
|x Fiction.
|
| 651 |
|
0 |
|a Texas
|x History
|y 1846-1950
|x Fiction.
|
| 999 |
|
|
|a MARS
|
| 999 |
f |
f |
|s 590e1b64-e59f-3f85-b6fd-4efdbdd91dab
|i 18f87cdd-755b-3b78-a945-bd8cf2f296b9
|t 0
|
| 952 |
f |
f |
|p ric
|a Texas A&M University
|b Rellis Campus
|c Joint Library Facility
|s JLF
|d Remote Storage
|t 0
|e PS3551.R552 G7 1987
|h Library of Congress classification
|i unmediated -- volume
|m A14812606411
|
| 998 |
f |
f |
|a PS3551.R552 G7 1987
|t 0
|l Remote Storage
|